[Event "De los Reyes op 21st"]
[Site "De los Reyes"]
[Date "2019.12.06"]
[Round "7"]
[White "Perez Ordonez, Jose Ramon"]
[Black "Lopez de Turiso, Jose Angel"]
[Result "1-0"]
[WhiteElo "2149"]
[BlackElo "1889"]
[PlyCount "119"]
[EventDate "2019.11.30"]
[EventType "swiss"]
[EventRounds "9"]
[EventCountry "ESP"]
[SourceTitle "CBM 193 Extra"]
[Source "ChessBase"]
[SourceDate "2020.01.31"]
[SourceVersion "1"]
[SourceVersionDate "2020.01.31"]
[SourceQuality "1"]

1. e4 e5 2. Nf3 Nc6 3. Bc4 Nf6 4. d3 Be7 5. c3 0-0 6. 0-0 d5 7. exd5 Nxd5 8. Re1 Bg4 9. h3 Bh5 10. Nbd2 Nb6 11. g4 Bg6 12. Nxe5 Nxe5 13. Rxe5 Bd6 14. Re3 Nxc4 15. Nxc4 Bf4 16. Rf3 Bxc1 17. Rxc1 Qg5 18. d4 h5 19. Qd2 Qd5 20. Ne5 hxg4 21. c4 Qe6 22. Nxg4 Rad8 23. b3 c6 24. Re1 Qd6 25. Rf4 f6 26. d5 Rfe8 27. Rxe8+ Rxe8 28. Rd4 Re4 29. Kg2 b6 30. Rxe4 Bxe4+ 31. f3 Bg6 32. Nf2 cxd5 33. Qxd5+ Qxd5 34. cxd5 Bb1 35. a3 Ba2 36. Ne4 Bxb3 37. Nc3 Kf8 38. Kf2 Ke7 39. Ke3 Bc4 40. h4 Bf1 41. f4 Kd6 42. Kd4 a6 43. Ne4+ Ke7 44. Ng3 Bh3 45. Nh5 g6 46. Ng3 Bg2 47. f5 gxf5 48. Nxf5+ Kf8 49. h5 Bh3 50. Ne3 Kg7 51. d6 b5 52. Nd5 Kf7 53. h6 a5 54. h7 Kg7 55. Nxf6 b4 56. a4 Be6 57. d7 Bxd7 58. Nxd7 Kxh7 59. Ne5 Kg7 60. Nc6 1-0

[Event "Tres Cantos op 11th"]
[Site "Tres Cantos"]
[Date "2019.06.27"]
[Round "6"]
[White "Perez Ordonez, Jose Ramon"]
[Black "Guerrero Vargas, Andres Jesus"]
[Result "1/2-1/2"]
[WhiteElo "2126"]
[BlackElo "2331"]
[PlyCount "79"]
[EventDate "2019.06.22"]
[EventType "swiss"]
[EventRounds "9"]
[EventCountry "ESP"]
[SourceTitle "CBM 195 Extra"]
[Source "ChessBase"]
[SourceDate "2020.05.31"]
[SourceVersion "1"]
[SourceVersionDate "2020.05.31"]
[SourceQuality "1"]

1. d4 Nf6 2. c4 g6 3. Nc3 Bg7 4. Nf3 0-0 5. g3 d6 6. Bg2 Nbd7 7. e4 c5 8. d5 b5 9. cxb5 a6 10. b6 Nxb6 11. 0-0 Nfd7 12. Bf4 Rb8 13. Qe2 c4 14. Be3 Ne5 15. Nxe5 Bxe5 16. Kh1 e6 17. dxe6 fxe6 18. Rad1 Qc7 19. f4 Bg7 20. Bd4 Bxd4 21. Rxd4 e5 22. Rdd1 exf4 23. gxf4 Bb7 24. Qg4 Rf6 25. a4 Rbf8 26. a5 Nc8 27. Nd5 Bxd5 28. Rxd5 Na7 29. Rg5 Qb8 30. Qd7 R8f7 31. Qa4 d5 32. exd5 Rxf4 33. Re1 c3 34. Qc2 cxb2 35. d6 Qxd6 36. Qxb2 Rf2 37. Qb3 Nc6 38. Qe3 Kg7 39. Qc3+ R2f6 40. Rc5 1/2-1/2

[Event "La Roda op 46th"]
[Site "La Roda"]
[Date "2019.04.19"]
[Round "4"]
[White "Mogranzini, Roberto"]
[Black "Perez Ordonez, Jose Ramon"]
[Result "1-0"]
[WhiteElo "2449"]
[BlackElo "2161"]
[PlyCount "56"]
[EventDate "2019.04.17"]
[EventType "swiss"]
[EventRounds "9"]
[EventCountry "ESP"]
[SourceTitle "CBM 189 Extra"]
[Source "ChessBase"]
[SourceDate "2019.05.31"]
[SourceVersion "1"]
[SourceVersionDate "2019.05.31"]
[SourceQuality "1"]

1. Nf3 d5 2. b3 Nf6 3. Bb2 e6 4. c4 Be7 5. g3 0-0 6. Bg2 c5 7. cxd5 Nxd5 8. 0-0 Nc6 9. d4 b6 10. Nc3 Bb7 11. Nxd5 exd5 12. Rc1 Rc8 13. Qd2 Na5 14. dxc5 bxc5 15. Ba3 Rc6 16. Ng5 Rh6 17. Bb2 d4 18. Nf3 Nc6 19. e3 Rd6 20. Ba3 dxe3 21. Qxe3 Re6 22. Qc3 Nb4 23. Bxb4 cxb4 24. Qc7 Rb6 25. Rfd1 Bd6 26. Qxd8 Rxd8 27. Ne5 Bxg2 28. Kxg2 h6 1-0

[Event "Benidorm op U2300 17th"]
[Site "Benidorm"]
[Date "2018.12.04"]
[Round "5"]
[White "Perez Ordonez, Jose Ramon"]
[Black "Garcia Trobat, Francisco"]
[Result "1/2-1/2"]
[WhiteElo "2109"]
[BlackElo "2239"]
[PlyCount "130"]
[EventDate "2018.11.30"]
[EventType "swiss"]
[EventRounds "10"]
[EventCountry "ESP"]
[SourceTitle "EXT 2022"]
[Source "ChessBase"]
[SourceDate "2021.10.06"]
[SourceVersion "1"]
[SourceVersionDate "2021.10.06"]
[SourceQuality "1"]

1. d4 Nf6 2. c4 g6 3. Nc3 Bg7 4. e4 d6 5. Nf3 0-0 6. Be2 c5 7. d5 e6 8. Nd2 Re8 9. 0-0 exd5 10. cxd5 Na6 11. f4 c4 12. e5 dxe5 13. Nxc4 e4 14. a3 Nc5 15. Be3 Nd3 16. Bxd3 exd3 17. Qxd3 Bf5 18. Qd2 Rc8 19. Ne5 Ne4 20. Qd4 Nc5 21. Rad1 Bc2 22. Rde1 Nd3 23. Re2 Nxe5 24. fxe5 Bxe5 25. Qd2 Bb3 26. Bf4 Qb6+ 27. Kh1 Bc4 28. Rxe5 Bxf1 29. d6 Re6 30. Rxe6 fxe6 31. Bg5 Bb5 32. d7 Bxd7 33. Qxd7 Qc6 34. Qxc6 Rxc6 35. Kg1 b5 36. Bd2 Rd6 37. Ne4 Rd3 38. Bc3 h6 39. Kf2 g5 40. Ke2 Rd8 41. Nd2 Kf7 42. Nb3 Rd5 43. Nd4 a6 44. Ke3 h5 45. Nc6 Rd1 46. Nb4 g4 47. Nxa6 Kg6 48. Nc7 Rh1 49. Nxe6 Rxh2 50. Nf4+ Kf5 51. b3 h4 52. a4 bxa4 53. bxa4 Rh1 54. a5 Rb1 55. a6 Rb3 56. Ne2 Ra3 57. Nd4+ Kg5 58. Ne6+ Kh5 59. Nf4+ Kh6 60. Kd3 Rxa6 61. Bd2 g3 62. Ke4 Ra2 63. Be3 Kg5 64. Kf3 Ra3 65. Ne2+ Kf5 1/2-1/2

[Event "Tres Cantos op 10th"]
[Site "Tres Cantos"]
[Date "2018.06.26"]
[Round "6.10"]
[White "Perez Ordonez, Jose Ramon"]
[Black "Bravo Plaza, Luis"]
[Result "1-0"]
[WhiteElo "2063"]
[BlackElo "1924"]
[PlyCount "117"]
[EventDate "2018.06.21"]
[EventType "swiss"]
[EventRounds "9"]
[EventCountry "ESP"]
[SourceTitle "EXT 2024"]
[Source "ChessBase"]
[SourceDate "2023.10.10"]
[SourceVersion "1"]
[SourceVersionDate "2023.10.10"]
[SourceQuality "1"]

1. Nf3 Nf6 2. c4 c5 3. g3 Nc6 4. Bg2 g6 5. 0-0 Bg7 6. Nc3 0-0 7. d3 d6 8. a3 Bd7 9. Rb1 Nd4 10. e3 Nxf3+ 11. Bxf3 Bc6 12. b4 Bxf3 13. Qxf3 b6 14. Bd2 h5 15. h3 Rc8 16. Kg2 Nd7 17. Rfc1 e6 18. Qe2 Ne5 19. f4 Nc6 20. Kh2 Ne7 21. Be1 d5 22. cxd5 exd5 23. bxc5 bxc5 24. Na4 c4 25. dxc4 dxc4 26. Rxc4 Rxc4 27. Qxc4 Qa8 28. Nc5 Qf3 29. Qe4 Qe2+ 30. Kg1 Nf5 31. Bf2 Rd8 32. Re1 Qd2 33. g4 hxg4 34. hxg4 Nh6 35. Qf3 Qb2 36. Ne4 Qb5 37. Ng3 f5 38. gxf5 gxf5 39. e4 Rd3 40. Qh5 Qb3 41. Nxf5 Nxf5 42. Qxf5 Rg3+ 43. Kh2 Rf3 44. Kg2 Rxf2+ 45. Kxf2 Bd4+ 46. Kg2 Qc2+ 47. Kh1 Qf2 48. Qg4+ Kf8 49. Rd1 Qe3 50. Qf5+ Kg8 51. Qg6+ Kf8 52. Qd6+ Kg8 53. Qe6+ Kh7 54. Qf7+ Kh6 55. Qf8+ Kh7 56. Qf5+ Kh6 57. Rf1 Qd3 58. Qg5+ Kh7 59. Qg2 1-0

[Event "Tres Cantos op 10th"]
[Site "Tres Cantos"]
[Date "2018.06.23"]
[Round "3.3"]
[White "Valles Moreno, Ivan"]
[Black "Perez Ordonez, Jose Ramon"]
[Result "0-1"]
[WhiteElo "2424"]
[BlackElo "2063"]
[PlyCount "93"]
[EventDate "2018.06.21"]
[EventType "swiss"]
[EventRounds "9"]
[EventCountry "ESP"]
[SourceTitle "EXT 2024"]
[Source "ChessBase"]
[SourceDate "2023.10.10"]
[SourceVersion "1"]
[SourceVersionDate "2023.10.10"]
[SourceQuality "1"]

1. e4 c6 2. d4 d5 3. exd5 cxd5 4. Bd3 Nf6 5. c3 Nc6 6. Bf4 Bg4 7. Qb3 Qd7 8. Nd2 e6 9. Ngf3 Bd6 10. Bg3 0-0 11. 0-0 a6 12. a4 Bh5 13. Ne5 Qc7 14. Rae1 Bxe5 15. dxe5 Nd7 16. Qc2 Bg6 17. Bxg6 hxg6 18. Nf3 b5 19. h4 Rfe8 20. Re2 Qa5 21. Ra1 b4 22. Ng5 Rac8 23. Qd3 bxc3 24. h5 Ne7 25. hxg6 Nxg6 26. Qf3 Re7 27. Qh5 Ndf8 28. bxc3 Rxc3 29. Rb2 Qc7 30. Kh2 Rc2 31. Rb3 Rc3 32. Rxc3 Qxc3 33. Rb1 Qc8 34. Rb3 Rb7 35. Rd3 Qc4 36. Qd1 Rb4 37. Qf3 Rb7 38. Rc3 Qxa4 39. Rc8 Qd7 40. Ra8 Ra7 41. Rb8 Rc7 42. Qh5 Rc8 43. Rb6 a5 44. f4 Qe8 45. Rb7 Ne7 46. Be1 f6 47. Qh3 0-1

[Event "San Sebastian de los Reyes op 19th"]
[Site "San Sebastian"]
[Date "2017.12.05"]
[Round "4"]
[White "Perez Ordonez, Jose Ramon"]
[Black "Bello Burguet, Glenier Lazaro"]
[Result "1-0"]
[WhiteElo "2066"]
[BlackElo "1917"]
[PlyCount "77"]
[EventDate "2017.12.02"]
[EventType "swiss"]
[EventRounds "9"]
[EventCountry "ESP"]
[SourceTitle "CBM 182 Extra"]
[Source "ChessBase"]
[SourceDate "2018.02.23"]
[SourceVersion "1"]
[SourceVersionDate "2018.02.23"]
[SourceQuality "1"]

1. Nf3 Nf6 2. c4 g6 3. d4 Bg7 4. Nc3 0-0 5. e4 d6 6. Be2 e5 7. 0-0 Nc6 8. d5 Ne7 9. b4 Ne8 10. Nd2 f5 11. c5 f4 12. Bg4 h5 13. Bxc8 Nxc8 14. a4 Rf7 15. Ba3 Bf8 16. Qe2 g5 17. f3 Rg7 18. Rfc1 g4 19. Nd1 Ne7 20. Kh1 Ng6 21. Nb2 Nf6 22. Nd3 Nh4 23. b5 Nh7 24. a5 Ng5 25. b6 g3 26. bxc7 Qc8 27. cxd6 gxh2 28. Nxe5 Bxd6 29. Bxd6 Nf7 30. Nxf7 Rxg2 31. Qxg2+ Nxg2 32. Kxg2 Kxf7 33. Bxf4 Qh8 34. e5 h1Q+ 35. Kxh1 Qc8 36. e6+ Ke7 37. Ne4 Qh8 38. Bg5+ Kf8 39. c8Q+ 1-0

[Event "San Sebastian de los Reyes op 19th"]
[Site "San Sebastian"]
[Date "2017.12.03"]
[Round "2"]
[White "Perez Ordonez, Jose Ramon"]
[Black "Camarero Izquierdo, Juan Carlos"]
[Result "1-0"]
[WhiteElo "2066"]
[BlackElo "1852"]
[PlyCount "87"]
[EventDate "2017.12.02"]
[EventType "swiss"]
[EventRounds "9"]
[EventCountry "ESP"]
[SourceTitle "CBM 182 Extra"]
[Source "ChessBase"]
[SourceDate "2018.02.23"]
[SourceVersion "1"]
[SourceVersionDate "2018.02.23"]
[SourceQuality "1"]

1. Nf3 d5 2. c4 e6 3. b3 c6 4. Bb2 f5 5. g3 Nf6 6. Bg2 Bd6 7. 0-0 0-0 8. d3 Nbd7 9. Nbd2 Qe8 10. e4 Ng4 11. h3 Nh6 12. Qe2 dxe4 13. dxe4 f4 14. e5 Bc7 15. g4 Nf7 16. Rfe1 Qe7 17. Bf1 h5 18. Qe4 Ng5 19. Qg6 Nxf3+ 20. Nxf3 Qf7 21. gxh5 Qxg6+ 22. hxg6 Rf5 23. Bd3 Rh5 24. h4 Bd8 25. Kg2 Nf8 26. Kh3 Rh6 27. Rg1 Bd7 28. Bc1 Bb6 29. Rg2 c5 30. Bxf4 Rh5 31. Kg4 Bc6 32. Rg3 Rh8 33. h5 Rd8 34. Bc2 Bxf3+ 35. Rxf3 Rd4 36. Rd1 Nd7 37. Rxd4 cxd4 38. Bg3 Nc5 39. b4 d3 40. Bxd3 Nxd3 41. Rxd3 Kf8 42. c5 Bxc5 43. Rd8+ Ke7 44. Bh4# 1-0

[Event "Collado Villalba op-A 34th"]
[Site "Collado Villalba"]
[Date "2017.08.26"]
[Round "5"]
[White "Perez Ordonez, Jose Ramon"]
[Black "Rojas Pozo, Jose Luis"]
[Result "1-0"]
[WhiteElo "2120"]
[BlackElo "1957"]
[PlyCount "149"]
[EventDate "2017.08.22"]
[EventType "swiss"]
[EventRounds "9"]
[EventCountry "ESP"]
[SourceTitle "CBM 180 Extra"]
[Source "ChessBase"]
[SourceDate "2017.10.06"]
[SourceVersion "1"]
[SourceVersionDate "2017.10.06"]
[SourceQuality "1"]

1. Nf3 Nf6 2. c4 c6 3. g3 d5 4. b3 Bf5 5. Bg2 h6 6. 0-0 Nbd7 7. Bb2 e6 8. d3 Bc5 9. Nbd2 0-0 10. a3 a5 11. Ra2 Qb6 12. Qa1 Rfd8 13. Bc3 Qa7 14. Rc2 Bh7 15. cxd5 exd5 16. Bd4 Bxd4 17. Qxd4 Qxd4 18. Nxd4 Ne5 19. Rfc1 Ra6 20. N2f3 Nxf3+ 21. Bxf3 Nd7 22. Rc3 Rb6 23. Nc2 Ne5 24. Bg2 Kf8 25. b4 axb4 26. axb4 Ra8 27. f4 Nd7 28. Kf2 Nf6 29. h3 h5 30. Rb1 Ke7 31. Ke3 Kd6 32. Kd4 Nd7 33. e4 dxe4 34. Ne3 Ke7 35. dxe4 Ra4 36. Rcb3 Kd8 37. Nc4 Rbxb4 38. Rxb4 c5+ 39. Kc3 Rxb4 40. Rxb4 cxb4+ 41. Kxb4 f6 42. Nd6 b6 43. Kb5 Bg8 44. h4 g6 45. Bh3 Bb3 46. Nb7+ Kc7 47. Bxd7 Kxd7 48. Kxb6 Bc2 49. Nc5+ Kd6 50. Kb5 g5 51. Kc4 gxh4 52. gxh4 Bd1 53. Kd4 Bg4 54. Nd3 Bd7 55. Ne1 Bg4 56. Ng2 Bf3 57. Ne3 Be2 58. Nf5+ Ke6 59. Ke3 Bg4 60. Ng3 Kf7 61. f5 Ke7 62. Kf4 Kf7 63. e5 fxe5+ 64. Kxe5 Bd1 65. Kf4 Kf6 66. Ne4+ Kf7 67. Kg5 Bf3 68. Ng3 Bd5 69. Nxh5 Bg2 70. Nf4 Be4 71. Ne6 Bxf5 72. Kxf5 Kg8 73. Kg6 Kh8 74. Ng5 Kg8 75. Nf7 1-0

[Event "Collado Villalba op-A 34th"]
[Site "Collado Villalba"]
[Date "2017.08.25"]
[Round "4"]
[White "Mkrtchyan, Levon"]
[Black "Perez Ordonez, Jose Ramon"]
[Result "1-0"]
[WhiteElo "1964"]
[BlackElo "2120"]
[PlyCount "97"]
[EventDate "2017.08.22"]
[EventType "swiss"]
[EventRounds "9"]
[EventCountry "ESP"]
[SourceTitle "CBM 180 Extra"]
[Source "ChessBase"]
[SourceDate "2017.10.06"]
[SourceVersion "1"]
[SourceVersionDate "2017.10.06"]
[SourceQuality "1"]

1. e4 c5 2. Nf3 d6 3. d4 cxd4 4. Nxd4 Nf6 5. Nc3 a6 6. Bc4 e6 7. Bb3 Nbd7 8. Bg5 Nc5 9. Qf3 Be7 10. 0-0-0 Qc7 11. Rhe1 0-0 12. a3 Nxb3+ 13. Nxb3 Rd8 14. h3 b5 15. e5 Bb7 16. exf6 Bxf3 17. fxe7 Re8 18. gxf3 d5 19. Nd4 h6 20. Bd2 Rxe7 21. Rg1 Kh7 22. h4 Rd7 23. Rg4 e5 24. Nf5 g6 25. Nxh6 Rc8 26. h5 d4 27. hxg6+ fxg6 28. Nf5 Qc6 29. Rh1+ Kg8 30. Rh6 Rg7 31. Ne7+ Rxe7 32. Rgxg6+ Qxg6 33. Rxg6+ Kf7 34. Nd5 Re6 35. Rg5 Rc5 36. Nb4 Rc8 37. Nd3 Rce8 38. Nc5 Rd6 39. Ne4 Rg6 40. Rxg6 Kxg6 41. Kd1 Re6 42. Ke2 Rc6 43. c3 dxc3 44. Bxc3 Kf5 45. Ke3 Rc7 46. Ng3+ Ke6 47. f4 exf4+ 48. Kxf4 Kd5 49. Kg4 1-0

[Event "Tres Cantos op 9th"]
[Site "Tres Cantos"]
[Date "2017.06.27"]
[Round "6"]
[White "Perez Ordonez, Jose Ramon"]
[Black "Martin Consuegra, Barrilero Javier"]
[Result "1-0"]
[WhiteElo "2005"]
[BlackElo "1818"]
[PlyCount "85"]
[EventDate "2017.06.22"]
[EventType "swiss"]
[EventRounds "9"]
[EventCountry "ESP"]
[SourceTitle "EXT 2019"]
[Source "ChessBase"]
[SourceDate "2018.10.10"]
[SourceVersion "1"]
[SourceVersionDate "2018.10.10"]
[SourceQuality "1"]

1. Nf3 Nf6 2. c4 d6 3. g3 c6 4. Bg2 e5 5. d3 Be7 6. 0-0 0-0 7. Nc3 Nbd7 8. Rb1 a5 9. a3 Nc5 10. b4 axb4 11. axb4 Ne6 12. e3 Qc7 13. Qb3 Re8 14. Bb2 b6 15. d4 Bb7 16. d5 Nf8 17. e4 Reb8 18. dxc6 Bxc6 19. Nd2 N8d7 20. Rfe1 Ra7 21. Nb5 Bxb5 22. cxb5 Rc8 23. Rbc1 Qb7 24. Rxc8+ Qxc8 25. Bf1 Nf8 26. f3 Ne6 27. Bc4 Nd8 28. Nf1 Rc7 29. Ne3 g6 30. Ra1 Qb8 31. Ra6 Ra7 32. Kg2 Kf8 33. g4 h6 34. Kf1 Ne8 35. Nd5 Rxa6 36. bxa6 Nc7 37. b5 Nxd5 38. Bxd5 Qa7 39. Qc4 Bg5 40. Ba3 Ke7 41. Ke2 Ne6 42. Bxe6 fxe6 43. Qc6 1-0

[Event "Tres Cantos op 9th"]
[Site "Tres Cantos"]
[Date "2017.06.23"]
[Round "2"]
[White "Fernandez Rios, Jose Francisco"]
[Black "Perez Ordonez, Jose Ramon"]
[Result "1-0"]
[WhiteElo "1768"]
[BlackElo "2005"]
[PlyCount "79"]
[EventDate "2017.06.22"]
[EventType "swiss"]
[EventRounds "9"]
[EventCountry "ESP"]
[SourceTitle "EXT 2019"]
[Source "ChessBase"]
[SourceDate "2018.10.10"]
[SourceVersion "1"]
[SourceVersionDate "2018.10.10"]
[SourceQuality "1"]

1. d4 Nf6 2. c4 e6 3. Nf3 b6 4. e3 Bb7 5. Bd3 d5 6. cxd5 exd5 7. 0-0 Bd6 8. Nc3 a6 9. b3 0-0 10. Bb2 Nbd7 11. Rc1 Qe7 12. Ne2 g6 13. Ng3 Ng4 14. Re1 f5 15. Nf1 Rfe8 16. g3 Qg7 17. Nh4 Nh6 18. f4 Nf6 19. Nf3 Ne4 20. Ne5 Nf7 21. Re2 Nd8 22. Rec2 Bxe5 23. fxe5 Ne6 24. Bxe4 fxe4 25. Qg4 Rad8 26. Nd2 Rd7 27. Rf1 Rf7 28. Rxf7 Qxf7 29. Rc1 Ng7 30. Rf1 Nf5 31. Qf4 Qe6 32. Ba3 Bc8 33. g4 Nh4 34. h3 Bd7 35. Qh6 Nf3+ 36. Nxf3 exf3 37. Rxf3 c5 38. dxc5 Qxe5 39. c6 Bf5 40. gxf5 1-0